Giao tiếp và lễ tân văn phòng

Cuốn sách trình bày những vấn đề rất thực tiễn: giao tiếp trực diện; giao tiếp qua điện thoại, sinh hoạt nhóm, tâm lý giao tiếp đối với khách hàng - đồng nghiệp - lãnh đạo - nhân viên, tổ chức vào các buổi lễ hội nghị và ứng xử trong...

Descrizione completa

Salvato in:
Dettagli Bibliografici
Autore principale: Phan, Thanh Lâm
Natura: Libro
Lingua:Undetermined
Pubblicazione: Hà Nội Thống kê 2004
Soggetti:
Tags: Aggiungi Tag
Nessun Tag, puoi essere il primo ad aggiungerne! !
Thư viện lưu trữ: Trung tâm Học liệu Trường Đại học Cần Thơ
LEADER 00956nam a2200205Ia 4500
001 CTU_91928
008 210402s9999 xx 000 0 und d
020 |c 20000 
082 |a 651.3743 
082 |b L120 
100 |a Phan, Thanh Lâm 
245 0 |a Giao tiếp và lễ tân văn phòng 
245 0 |c Phan Thanh Lâm 
260 |a Hà Nội 
260 |b Thống kê 
260 |c 2004 
520 |a Cuốn sách trình bày những vấn đề rất thực tiễn: giao tiếp trực diện; giao tiếp qua điện thoại, sinh hoạt nhóm, tâm lý giao tiếp đối với khách hàng - đồng nghiệp - lãnh đạo - nhân viên, tổ chức vào các buổi lễ hội nghị và ứng xử trong các tình huống lễ tân... 
650 |a Management,Office practice 
904 |i Nguyên 
980 |a Trung tâm Học liệu Trường Đại học Cần Thơ